Statistiques concernant Pays qui contiennent la lettre II+

Cliquez ici pour prendre le quiz!

Statistiques générales

  • Ce quiz a été pris 133 fois
  • Le résultat moyen est 25 sur 42

Statistiques - réponses

IndicePays% Correct
2 x IChili
82%
2 x IItalie
81%
2 x IIndonésie
78%
2 x IFidji
75%
4 x IRépublique Dominicaine
75%
2 x ILituanie
73%
2 x ISainte-Lucie
71%
3 x IKirghizistan
70%
2 x IRépublique Démocratique du Congo
70%
3 x IKiribati
68%
2 x IMalaisie
67%
3 x ISaint-Vincent-et-les-Grenadines
66%
2 x IÉtats Fédérés de Micronésie
65%
3 x ISaint-Christophe-et-Niévès
64%
2 x IArabie Saoudite
63%
2 x IPapouasie-Nouvelle-Guinée
63%
2 x INamibie
62%
2 x IBiélorussie
60%
2 x IHaïti
59%
3 x IRépublique Centrafricaine
59%
2 x IBirmanie
58%
2 x IBolivie
58%
2 x IÉmirats Arabes Unis
58%
3 x IPhilippines
58%
2 x ITadjikistan
58%
2 x ILiechtenstein
57%
2 x ITunisie
57%
2 x IGuinée-Bissau
56%
2 x IGuinée Équatoriale
56%
2 x IMauritanie
56%
2 x ISaint-Marin
56%
2 x IDominique
55%
2 x IÉthiopie
54%
2 x INigeria
54%
2 x IBosnie-Herzégovine
53%
2 x IDjibouti
49%
2 x IEswatini
49%
2 x ITrinité-et-Tobago
48%
2 x ILiberia
44%
2 x ITimor Oriental
43%
2 x ICôte d'Ivoire
34%
2 x ISao Tomé-et-Principe
28%

Distribution des résultats

Percentile par nombre de réponses

% des personnes avec chaque résultat

Votre développement - résultats

Vous n’avez pas pris ce quiz